Hypothèse du continu /
Guardado en:
| Autor Principal: | |
|---|---|
| Formato: | Libro |
| Idioma: | French |
| Publicado: |
New York :
Chelsea,
1956.
|
| Edición: | 2nd ed. |
| Series: | Monografje matematyczne ;
t. 4 |
| Etiquetas: |
Agregar Etiqueta
Sin Etiquetas, Sea el primero en etiquetar este registro!
|
| LEADER | 00687nam a22002055a 4500 | ||
|---|---|---|---|
| 001 | MAT.inmabb000658 | ||
| 008 | 031118s1956####nyu######b####000#0#fre#d | ||
| 005 | 20130419125856.0 | ||
| 245 | 1 | 0 | |a Hypothèse du continu / |c par Waclaw Sierpinski. |
| 250 | |a 2nd ed. | ||
| 260 | |a New York : |b Chelsea, |c 1956. | ||
| 300 | |a xvii, 274 p. ; |c 21 cm. | ||
| 440 | 0 | |a Monografje matematyczne ; |v t. 4 | |
| 500 | |a "2nd ed., containing as appendix a number of research papers, 1934-56." | ||
| 504 | |a Incluye referencias bibliográficas. | ||
| 510 | 4 | |a MR, |c 19,829c | |
| 100 | 1 | |a Sierpinski, Waclaw, |d 1882-1969. | |
| 084 | |a 03E50 |2 msc2000 | ||
| 010 | |a 56013059 | ||
| 859 | |h 03 |i Si572h-2 |p A-466 |b BIB. MATEMATICA | ||
